Impact of war on Federal personnel administration, 1939-1945.

Bibliographic Details
Main Author: Kammerer, Gladys M. (Gladys Marie)
Format: Book
Language:English
Published: Lexington : University of Kentucky Press, [1951]
Subjects:

MARC

Tag First Indicator Second Indicator Subfields
LEADER 00000cam a2200000 4500
001 in00000023528
005 20151007064455.0
008 721121s1951 kyu b 00000 eng u
010 |a  51010526  
035 |a (OCoLC)00499684 
035 |9 AAD9910AM 
040 |c WSU  |d TXA  |d UtOrBLW 
049 |a TXAM  |c [193439] 
050 0 |a JK691  |b .K3 
092 |a 351.1  |b K15i 
100 1 |a Kammerer, Gladys M.  |q (Gladys Marie) 
245 1 0 |a Impact of war on Federal personnel administration, 1939-1945. 
264 1 |a Lexington :  |b University of Kentucky Press,  |c [1951] 
300 |a 372 pages ;  |c 25 cm. 
336 |a text  |b txt  |2 rdacontent 
337 |a unmediated  |b n  |2 rdamedia 
338 |a volume  |b nc  |2 rdacarrier 
504 |a Bibliographical footnotes. 
650 0 |a Civil service  |z United States. 
650 0 |a Public administration. 
651 0 |a United States  |x Politics and government  |y 1933-1945. 
999 |a MARS 
999 f f |s 12115089-0c71-348b-b6f7-969d53c5d9b9  |i 77275d22-98d0-3b62-92ab-8db6a2f73729  |t 0 
952 f f |p ric  |a Texas A&M University  |b Rellis Campus  |c Joint Library Facility  |d Remote Storage  |t 0  |e JK691 .K3  |h Library of Congress classification  |i unmediated -- volume  |m A14800793888 
998 f f |a JK691 .K3  |t 0  |l Remote Storage